000
00313nam a22001337a 4500
999
_c
55010
_d
55010
008
200204b ||||| |||| 00| 0 eng d
041
_a
eng
080
_2
043.3
_a
043.3
082
_2
_a
043.3
100
_a
0
101
_a
BTH
245
_a
Ndikimi i mondedhave digjitale në Ekonomi
_c
Lokaj,E
942
_2
udc
_c
BK